Presentation zen: simple ideas on presentation design and delivery (Record no. 54393)

MARC details
000 -LEADER
fixed length control field 00797nam a2200193 a 4500
008 - FIXED-LENGTH DATA ELEMENTS--GENERAL INFORMATION
fixed length control field 180917s2008 ||||||||||||||||| || u
020 ## - INTERNATIONAL STANDARD BOOK NUMBER
International Standard Book Number 9780321525659
050 ## - LIBRARY OF CONGRESS CALL NUMBER
Classification number HF 5718.22 Rey
100 ## - MAIN ENTRY--PERSONAL NAME
Personal name Reynolds, Garr
245 10 - TITLE STATEMENT
Title Presentation zen: simple ideas on presentation design and delivery
Statement of responsibility, etc. By Garr Reynolds
260 ## - PUBLICATION, DISTRIBUTION, ETC.
Place of publication, distribution, etc. Berkeley
Name of publisher, distributor, etc. New Riders
Date of publication, distribution, etc. 2008
300 ## - PHYSICAL DESCRIPTION
Extent ix, 229p.: ill.
350 ## - PRICE (NR) (BK AM CF MU VM SE) [OBSOLETE]
Price 27.94
650 ## - SUBJECT ADDED ENTRY--TOPICAL TERM
Topical term or geographic name entry element MULTIMEDIA SYSTEMS IN BUSINESS PRESENTATIONS
650 ## - SUBJECT ADDED ENTRY--TOPICAL TERM
Topical term or geographic name entry element BUSINESS PRESENTATIONS
650 ## - SUBJECT ADDED ENTRY--TOPICAL TERM
Topical term or geographic name entry element BUSINESS PRESENTATIONS--GRAPHIC METHODS--COMPUTER PROGRAMS
650 ## - SUBJECT ADDED ENTRY--TOPICAL TERM
Topical term or geographic name entry element MICROSOFT POWERPOINT (COMPUTER FILE)
995 ## - RECOMMENDATION 995 [LOCAL, UNIMARC FRANCE]
-- CBU-MAIN LIBRARY (Kitwe)
-- 27.94
-- 1
-- AVAILABLE
-- Sep 20, 2018
-- Main Library Open Access Collection
Holdings
Withdrawn status Lost status Source of classification or shelving scheme Damaged status Not for loan Home library Current library Shelving location Date acquired Total Checkouts Full call number Barcode Date last seen Price effective from Koha item type
          CBU-MAIN LIBRARY, KITWE. CBU-MAIN LIBRARY, KITWE.   11/30/2022   HF 5718.22 Rey 748639 11/30/2022 11/30/2022 MONOGRAPH